New fronteirs in education. (Record no. 174864)

MARC details
000 -LEADER
fixed length control field 00424nam a2200169Ia 4500
003 - CONTROL NUMBER IDENTIFIER
control field OSt
005 - DATE AND TIME OF LATEST TRANSACTION
control field 20230614145130.0
008 - FIXED-LENGTH DATA ELEMENTS--GENERAL INFORMATION
fixed length control field 210423s2002 xx 000 0 und d
040 ## - CATALOGING SOURCE
Transcribing agency AL
041 ## - LANGUAGE CODE
Language code of text/sound track or separate title eng
082 ## - DEWEY DECIMAL CLASSIFICATION NUMBER
Classification number 370
Edition number 23
Item number AIAN
245 ## - TITLE STATEMENT
Title New fronteirs in education.
260 ## - PUBLICATION, DISTRIBUTION, ETC.
Place of publication, distribution, etc. New Delhi
Name of publisher, distributor, etc. New Fronteirs in Education Trust
Date of publication, distribution, etc. 2002
365 ## - TRADE PRICE
Currency code INR
906 ## - LOCAL DATA ELEMENT F, LDF (RLIN)
a education. ; fronteirs ; New
942 ## - ADDED ENTRY ELEMENTS (KOHA)
Source of classification or shelving scheme Dewey Decimal Classification
Koha item type Book
Holdings
Withdrawn status Lost status Damaged status Not for loan Collection code Home library Current library Date acquired Total Checkouts Full call number Barcode Date last seen Price effective from Koha item type Public note
Discarded       MSW St Aloysius PG Library St Aloysius PG Library 09/26/2007   370 AIAN PG021553 04/26/2021 04/26/2021 Book Discarded
Discarded       MSW St Aloysius PG Library St Aloysius PG Library 09/26/2007   370 AIAN PG021554 04/26/2021 04/26/2021 Book Discarded